| 000 | 00765nam a2200241 a 4500 | ||
|---|---|---|---|
| 001 | 1082 | ||
| 003 | BR-CuiBMT | ||
| 005 | 20231128162517.0 | ||
| 008 | 231128s2016 spba 000 0 por d | ||
| 040 |
_aBR-CuiBMT _cBR-CuiBMT |
||
| 080 |
_a658.114.8:061.2 _22007 |
||
| 090 |
_a658.114.8:061.2 _bS239r |
||
| 110 |
_aSão Paulo. _bTribunal de contas. |
||
| 245 |
_aRepasses públicos ao terceiro setor : _bmanual básico / _cTribunal de contas do Estado de São Paulo. |
||
| 260 |
_a180 p. : _bTCESP, _c2016. |
||
| 300 |
_a180 p. ; _bil. _c23 cm |
||
| 504 | _ainclui bibliografia. | ||
| 650 |
_aTerceiro setor _vManual |
||
| 650 | _aFundações sem fins lucrativos | ||
| 650 | _aEntidades do terceiro setor | ||
| 650 | _aEntidades filantrópicas | ||
| 942 |
_2udc _cLV |
||
| 999 |
_c1082 _d1082 |
||